Football par lettre - W - Statistiques

Statistiques générales
  • Ce quiz a été pris 129 fois
  • Le résultat moyen est 14 sur 20
Statistiques - réponses
Hint Réponse % Correct
Seul joueur africain ayant remporté le Ballon d'Or George Weah
99%
On surnomme ce club "les Hammers" West ham
93%
Coach légendaire d'Arsenal Arsene Wenger
92%
Lateral anglais très rapide, il a remporté le triplé avec Man City Kyle Walker
92%
Prodige allemand qui a porté le Bayer Leverkusen en 2024 Florian Wirtz
91%
Ces deux frères jouent à Bilbao Williams
88%
Ailier brésilien chevelu qui a fait les beaux jours de Chelsea et de Fulham Willian
85%
Millieu néerlandais champion d'Angleterre en 2020 avec Liverpool Georginio Wijnaldum
84%
Club allemand historiquement lié à Volkswagen Wolfsbourg
83%
Attaquant allemand souvent moqué pour sa maladresse, il a joué à Leipzig et à Chelsea Timo Werner
82%
Attaquant français récemment transféré à Francfort après 6 mois mitigés à Marseille Elye Wahi
77%
Club allemand pour lequel a joué Johan Micoud Werder Breme
66%
Club qui joue dans le stade de Molineux Wolverhampton
65%
Latéral anglais, qu'on appelle parfois AWB Aaron Wan Bissaka
59%
Ville où on retrouve le club de DC United Washington
55%
Club anglais popularisé par Ousmane Dembélé, qui le joue souvent dans le jeu Football Manager Winchester
51%
Buteur anglais des années 90 qui a fait les beaux jours de l'OM Chris Waddle
47%
On trouve un cerf sur le logo de ce club londonien Watford
43%
Club anglais ayant remporté la FA Cup en 2013, alors qu'il évoluait en D2 Wigan
41%
Attaquant allemand qui portait le numero 2 au Bayern Sandro Wagner
9%
Aucun quiz correspondant
Distribution des résultats
% des personnes avec chaque résultat
Percentile par nombre de réponses
Votre historique - résultats
Vous n’avez pas pris ce quiz